| 000 | 00731nam a2200217Ii 4500 | ||
|---|---|---|---|
| 003 | JO-AjNU | ||
| 008 | 230605s9999||||xx |||||||||||||| ||und|| | ||
| 020 | _a2-7451-0825-5 | ||
| 040 |
_aJO-AjNU _bara _erda _cJO-AjNU |
||
| 041 | _aara | ||
| 050 | 1 | 4 | _aPJ7696 2004 |
| 100 | 3 |
_aضبطه وصححه مصطفى عبد الشافي, _eauthor _924865 |
|
| 245 | 0 | 0 | _aديوان إمرؤ القيس |
| 250 | _aط5 | ||
| 264 | 3 | 1 | _aبيروت:دار الكتب العلمية،2005 |
| 300 | _a176ص | ||
| 336 |
_atext _btxt _2rdacontent |
||
| 337 |
_aunmediated _bn _2rdamedia |
||
| 338 |
_avolume _bnc _2rdacarrier |
||
| 650 | 4 |
_a الأدب العربي - تاريخ ونقد - العصر الجاهلي - إمرؤ القيس _924866 |
|
| 999 |
_aA9225 _c12793 _d12793 |
||